| 000 | 00929 a2200229 4500 | ||
|---|---|---|---|
| 001 | 60585 | ||
| 005 | 20260407155857.0 | ||
| 008 | 260407a1993 arg spa d | ||
| 003 | AR-UNSa-BCEJYS | ||
| 040 |
_aAR-UNSa-BCEJYS _bspa _cAR-UNSa-BCEJYS |
||
| 080 |
_a369 _xSeguridad social |
||
| 245 | 1 | 0 |
_aLa reforma previsional argentina _pOpciones y riesgos |
| 020 | _a978-950-9467-35-4 | ||
| 264 | 1 |
_aBuenos Aires : _bMiño y Dávila _c1993 |
|
| 300 |
_a159 p. _c19 cm. |
||
| 505 | _a1. Cuadro crítico del sistema previsional – 2. Iniciativas de reforma y posición de los principales actores – 3.El proyecto del Poder Ejecutivo (1992)– 4. Algunos resultados de la experiencia chilena – 5. Una apreciación general sobre la Reforma del Sistema Previsional Argentino | ||
| 041 | _aspa | ||
| 942 | _cBK | ||
| 590 | _aniveau_biblio:m niveau_hierar:0 | ||
| 100 | 1 | _aIsuani, Ernesto Aldo | |
| 700 | 1 | _aSan Martino, Jorge A. | |
| 999 |
_c7050 _d7050 |
||